000
00250nmm a2200085Ia 4500
008
220120s9999||||xx |||||||||||||||||und||
100
_a
Catalogues , Wiley
_9
11078
245
0
_a
Mechanical and induistrial engg., civil engg., Polymer &Mate
260
_c
2007
999
_c
139254
_d
139254